<?xml version="1.0" encoding="UTF-8"?>
<collection xmlns="http://www.loc.gov/MARC21/slim">
    <record>
        <controlfield tag="001">56236</controlfield>
        <controlfield tag="005">20210121114520.0</controlfield>
        <datafield tag="024" ind1="8" ind2=" ">
            <subfield code="2">sideral</subfield>
            <subfield code="a">90869</subfield>
        </datafield>
        <datafield tag="037" ind1=" " ind2=" ">
            <subfield code="a">ART-2015-90869</subfield>
        </datafield>
        <datafield tag="041" ind1=" " ind2=" ">
            <subfield code="a">spa</subfield>
        </datafield>
        <datafield tag="100" ind1=" " ind2=" ">
            <subfield code="a">Jordán Cólera, C.</subfield>
        </datafield>
        <datafield tag="245" ind1=" " ind2=" ">
            <subfield code="a">Avdintvm, una nueva forma verbal en celtibérico y sus posibles relaciones paradigmáticas (Auzeti, auzanto, auz, auzimei, auzares...)</subfield>
        </datafield>
        <datafield tag="260" ind1=" " ind2=" ">
            <subfield code="c">2015</subfield>
        </datafield>
        <datafield tag="506" ind1="0" ind2=" ">
            <subfield code="a">Access copy available to the general public</subfield>
            <subfield code="f">Unrestricted</subfield>
        </datafield>
        <datafield tag="520" ind1="3" ind2=" ">
            <subfield code="a">El Bronce de Novallas es una fragmento escrito en alfabeto latino y lengua celtibérica. En la línea 5 se lee audintum. El autor propone analizarla como el genitivo plural del participio de presente de un verbo, cuya base proto-celtibérica sería *h2ew-dheh1-/*h2ew-dhh1- o, simplemente, *audheh1-/*audhh1-. Su significado pertenecería a la esfera de ‘conceder, otorgar, donar’. También pertenecerían a este paradigma otras formas encontradas en el corpus celtibérico: auzeti, auzanto, auz (¿auzati?) y auzimei. Quizá también esté relacionado etimológicamente auzares.   

The Novallas bronze plaque is a fragmentary text written in Latin alphabet and Celtiberian language whose fifth line contains the word audintum. The author proposes to analyse it as the genitive plural of the present participle of a verb. The proto-Celtiberian base would be *h2ew-dheh1-/*h2ew-dhh1- or, simply, *audheh1-/*audhh1-. His meaning would be ‘to give, to grant, to donate’. The Celtiberian terms auzeti, auzanto, auz (auzati?) and auzimei may be etymologically related to this stem and possibly so is auzares.</subfield>
        </datafield>
        <datafield tag="536" ind1=" " ind2=" ">
            <subfield code="9">info:eu-repo/grantAgreement/ES/MINECO/FFI2012-36069-C03-03</subfield>
        </datafield>
        <datafield tag="540" ind1=" " ind2=" ">
            <subfield code="9">info:eu-repo/semantics/openAccess</subfield>
            <subfield code="a">by-nc-nd</subfield>
            <subfield code="u">http://creativecommons.org/licenses/by-nc-nd/3.0/es/</subfield>
        </datafield>
        <datafield tag="592" ind1=" " ind2=" ">
            <subfield code="a">0.1</subfield>
            <subfield code="b">2015</subfield>
        </datafield>
        <datafield tag="593" ind1=" " ind2=" ">
            <subfield code="a">Classics</subfield>
            <subfield code="c">2015</subfield>
            <subfield code="d">Q4</subfield>
        </datafield>
        <datafield tag="593" ind1=" " ind2=" ">
            <subfield code="a">Linguistics and Language</subfield>
            <subfield code="c">2015</subfield>
            <subfield code="d">Q4</subfield>
        </datafield>
        <datafield tag="593" ind1=" " ind2=" ">
            <subfield code="a">Language and Linguistics</subfield>
            <subfield code="c">2015</subfield>
            <subfield code="d">Q4</subfield>
        </datafield>
        <datafield tag="655" ind1=" " ind2="4">
            <subfield code="a">info:eu-repo/semantics/article</subfield>
            <subfield code="v">info:eu-repo/semantics/publishedVersion</subfield>
        </datafield>
        <datafield tag="710" ind1="2" ind2=" ">
            <subfield code="1">3000</subfield>
            <subfield code="2">580</subfield>
            <subfield code="a">Universidad de Zaragoza</subfield>
            <subfield code="b">Departamento de Ciencias de la Antigüedad</subfield>
            <subfield code="c">Lingüística Indoeuropea</subfield>
        </datafield>
        <datafield tag="773" ind1=" " ind2=" ">
            <subfield code="g">25, 1 (2015), 11-23</subfield>
            <subfield code="p">Cuad. filol. clás., Estud. griegos indoeur.</subfield>
            <subfield code="t">Cuadernos de filología clásica: Estudios griegos e indoeuropeos</subfield>
            <subfield code="x">1131-9070</subfield>
        </datafield>
        <datafield tag="856" ind1="4" ind2="1">
            <subfield code="u">http://revistas.ucm.es/index.php/CFCG/article/view/48478</subfield>
            <subfield code="z">Texto completo de la revista</subfield>
        </datafield>
        <datafield tag="856" ind1="4" ind2=" ">
            <subfield code="s">302091</subfield>
            <subfield code="u">http://zaguan.unizar.es/record/56236/files/texto_completo.pdf</subfield>
            <subfield code="y">Versión publicada</subfield>
        </datafield>
        <datafield tag="856" ind1="4" ind2=" ">
            <subfield code="s">49625</subfield>
            <subfield code="u">http://zaguan.unizar.es/record/56236/files/texto_completo.jpg?subformat=icon</subfield>
            <subfield code="x">icon</subfield>
            <subfield code="y">Versión publicada</subfield>
        </datafield>
        <datafield tag="909" ind1="C" ind2="O">
            <subfield code="o">oai:zaguan.unizar.es:56236</subfield>
            <subfield code="p">articulos</subfield>
            <subfield code="p">driver</subfield>
        </datafield>
        <datafield tag="951" ind1=" " ind2=" ">
            <subfield code="a">2021-01-21-11:02:10</subfield>
        </datafield>
        <datafield tag="980" ind1=" " ind2=" ">
            <subfield code="a">ARTICLE</subfield>
        </datafield>
    </record>

    
</collection>